Sechs nächstgelegene Hauptstädte - Athen - Statistiken

Allgemein
  • Dieses Quiz wurde 63 mal gespielt
  • Das Durchschnittsergebnis liegt bei 4 aus 6
Antwortstatistiken
km Hauptstadt % Korrekt
527 Sofia
79%
502 Tirana
77%
490 Skopje
75%
565 Priština
50%
745 Bukarest
46%
626 Podgorica
46%
Keine übereinstimmenden Quizze gefunden
Verteilung der Resultate
Anzahl Personen mit jedem Resultat
Perzentil nach korrekt beantworteten Fragen
Ihre Resultats-Entwicklung
Sie haben dieses Quiz noch nicht gespielt